| 000 | 01080pam a2200313 a 4500 | ||
|---|---|---|---|
| 001 | 3015033 | ||
| 003 | OSt | ||
| 005 | 20140310182048.0 | ||
| 008 | 940921s1994 mnu j 000 0 eng | ||
| 010 | _a 94025137 | ||
| 020 |
_a1556614144 (pbk.) : _c$6.99 |
||
| 040 |
_aDLC _cDLC _dDLC |
||
| 042 | _alcac | ||
| 050 | 0 | 0 |
_aBV 4850 _b.J645 1994 |
| 082 | 0 | 0 |
_aHS 242.63 _bJ63 1994 |
| 100 | 1 |
_aJohnson, Kevin _q(Kevin Walter) _911810 |
|
| 245 | 1 | 0 |
_aSo who says I have 2 act my age? / _cKevin Johnson. |
| 260 |
_aMinneapolis, Minn. : _bBethany House Publishers, _cc1994. |
||
| 300 |
_a110 p. : _c22 cm. |
||
| 490 | 1 | _aEarly teen devotionals | |
| 650 | 0 |
_aTeenagers _vPrayers and devotions. _911811 |
|
| 650 | 0 |
_aTeenagers _xConduct of life. _911812 |
|
| 740 | 0 | _aSo who says I have to act my age? | |
| 800 | 1 |
_aJohnson, Kevin _q(Kevin Walter). _tEarly teen devotionals. _911813 |
|
| 906 |
_a7 _bcbc _corignew _d1 _eocip _f19 _gy-gencatlg |
||
| 942 |
_2lcc _cHS |
||
| 999 |
_c8917 _d8917 |
||